000 nam a22 7a 4500
999 _c8090
_d8090
008 171127b xxu||||| |||| 00| 0 eng d
100 _aChairman.A.R.
_94536
245 _aPositioning
260 _aNew york
_c1982